ا ر د و غز ل پر تصو ف کے ا ثر ا ت (Record no. 94329)

MARC details
000 -LEADER
fixed length control field 00738nam a22002177a 4500
005 - DATE AND TIME OF LATEST TRANSACTION
control field 20150617143138.0
008 - FIXED-LENGTH DATA ELEMENTS--GENERAL INFORMATION
fixed length control field 140714b xxu||||| |||| 00| 0 Urdu d
010 ## - LCCN (DPL NO)
LC control number UR-9078
020 ## - INTERNATIONAL STANDARD BOOK NUMBER
Terms of availability 175.00
035 ## - SYSTEM CONTROL NUMBER
System control number U-7633
037 ## - SOURCE OF ACQUISITION
Source of stock number/acquisition DBAD
040 ## - CATALOGING SOURCE
Original cataloging agency DPL
Language of cataloging Urdu
082 ## - DEWEY DECIMAL CLASSIFICATION NUMBER
Classification number 841.270
100 ## - MAIN ENTRY--PERSONAL NAME
Personal name محمد ا سلا م ر شيد ی
245 ## - TITLE STATEMENT
Title ا ر د و غز ل پر تصو ف کے ا ثر ا ت
Statement of responsibility, etc محمد ا سلا م ر شيد ی
246 #h - VARYING FORM OF TITLE
Title proper/short title Urdu Ghazal Per Tasawoof ke Asrat
Remainder of title ByDr. Mohd. Islam Rasheedi
260 ## - PUBLICATION, DISTRIBUTION, ETC. (IMPRINT)
Name of publisher, distributor, etc Global Publications
Date of publication, distribution, etc 2014
Place of publication, distribution, etc Rajisthan
270 ## - ADDRESS
Address 220,K.K.Complex,Ramganj Bazar
City Jaipur
Telephone number 9460866130
Postal code -
300 ## - PHYSICAL DESCRIPTION
Extent 320ص
Dimensions 22Cm (Hb)
942 ## - ADDED ENTRY ELEMENTS (KOHA)
Source of classification or shelving scheme Dewey Decimal Classification
Item type Urdu Bks
Edition
Classification part 841.270
Call number suffix ا س ل
Holdings
Withdrawn status Lost status Source of classification or shelving scheme Damaged status Not for loan Collection code Home library Current library Date acquired Source of acquisition Cost, normal purchase price Total Checkouts Full call number Barcode Date last seen Copy number Cost, replacement price Koha item type
    Dewey Decimal Classification   Not For Loan Non-fiction D.B.Act.Division D.B.Act.Division 17/06/2015 DBAD/Pub. 175.00   841.270 ا س ل U-7633 17/06/2015 1 175.00 Urdu Bks

© Delhi Public Library
Hit Counter
free hit counter